4 to 13 letters quiz # Q - Statistics

General Stats
  • This quiz has been taken 25 times
  • The average score is 4 of 10
Answer Stats
Hint Answer # of Letters % Correct
World's richest country by GDP per capita Qatar 5
95%
Northeastern Australian state Queensland 10
95%
Predominant French-speaking Canadian province Quebec 6
86%
Chinese city also known as Tsingtao Qingdao 7
36%
Easternmost state in Mexico (two words) Quintana Roo 11
23%
Norwegian-dependent region of Antarctica (three words) Queen Maud Land 13
18%
North-central state in Mexico Querétaro 9
18%
One of the southeastern Paris Métro station (four words) Quai de la Gare 12
9%
Twelfth largest Chinese metropolitan city Quanzhou 8
9%
Hometown of Chinese philosopher, Confucius Qufu 4
9%
No matching quizzes found
Score Distribution
Percent of People with Each Score
Percentile by Number Answered
Your Score History
You have not taken this quiz